| 000 | 00547nam a22001697a 4500 | ||
|---|---|---|---|
| 005 | 20251108173644.0 | ||
| 008 | 250721s2007 xx 000 0 ara d | ||
| 082 | 1 | 4 | _a135/حسي |
| 100 | 1 | _aالحسيني، نهرو الشيخ محمد الكسنزان | |
| 245 | 1 | 0 | _aالرؤى و الأحلام في المنظور الصوفي / |
| 264 | 1 |
_aسوريا : _bدار القادري للنشر و التوزيع، _c2007. |
|
| 300 | _a102 ص. | ||
| 650 | 1 | 7 | _aالتصوف |
| 650 | 1 | 7 | _aالاحلام |
| 942 |
_2ddc _cBK |
||
| 999 |
_c109169 _d109169 |
||